[Event "HUN-ch Rapid 2019"]
[Site "Ajka"]
[Date "2019.07.21"]
[Round "12.20"]
[White "Nagy, Bence"]
[Black "Balint, Vilmos"]
[Result "0-1"]
[WhiteElo "2352"]
[BlackElo "2203"]
[Annotator "NA"]
[PlyCount "108"]
[EventDate "2019.07.18"]
[EventType "swiss"]
[EventCountry "HUN"]
[SourceTitle "playchess.com"]
[Source "ChessBase"]
[SourceQuality "1"]
[TimeControl "1200+5"]

1. e4 {[%emt 0:00:01]} e5 {[%emt 0:00:08]} 2. Nf3 {[%emt 0:00:02]} Nc6 {[%emt 0:00:01]} 3. d4 {[%emt 0:00:01]} exd4 {[%emt 0:00:02]} 4. Nxd4 {[%emt 0:00:02]} Bc5 {[%emt 0:00:02]} 5. Nb3 {[%emt 0:00:20]} Bb6 {[%emt 0:00:03]} 6. Nc3 {[%emt 0:00:27]} d6 {[%emt 0:00:36]} 7. Bd3 {[%emt 0:02:01]} Nf6 {[%emt 0:01:02]} 8. Bg5 {[%emt 0:01:02]} h6 {[%emt 0:00:03]} 9. Bh4 {[%emt 0:00:06]} Be6 {[%emt 0:00:11]} 10. Qe2 {[%emt 0:00:34]} g5 {[%emt 0:02:49]} 11. Bg3 {[%emt 0:00:03]} Ne5 {[%emt 0:00:03]} 12. O-O-O {[%emt 0:00:24]} Qe7 {[%emt 0:00:27]} 13. h4 {[%emt 0:00:55]} O-O-O {[%emt 0:01:07]} 14. Kb1 {[%emt 0:00:08]} Nxd3 {[%emt 0:01:05]} 15. Qxd3 {[%emt 0:00:53]} Nh5 {[%emt 0:00:30]} 16. Nd5 {[%emt 0:01:32]} Bxd5 {[%emt 0:00:19]} 17. exd5 {[%emt 0:00:07]} Nxg3 {[%emt 0:00:09]} 18. fxg3 {[%emt 0:00:50]} Rde8 {[%emt 0:00:52]} 19. a4 {[%emt 0:00:07]} a5 {[%emt 0:00:58]} 20. Nd2 {[%emt 0:03:23]} Qd7 {[%emt 0:00:11]} 21. Nc4 {[%emt 0:01:01]} Bc5 {[%emt 0:00:12]} 22. hxg5 {[%emt 0:00:21]} hxg5 {[%emt 0:00:11]} 23. Rxh8 {[%emt 0:00:11]} Rxh8 {[%emt 0:00:01]} 24. Qc3 {[%emt 0:00:09]} Rh2 {[%emt 0:00:47]} 25. Qxa5 {[%emt 0:00:03]} Kb8 {[%emt 0:00:01]} 26. b3 {[%emt 0:01:23]} Rxg2 {[%emt 0:00:28]} 27. Qc3 {[%emt 0:00:53]} Qg4 {[%emt 0:00:21]} 28. Rd3 {[%emt 0:01:15]} Rh2 {[%emt 0:01:25]} 29. Ne5 {[%emt 0:00:44]} Qf5 {[%emt 0:00:52]} 30. Nf3 {[%emt 0:00:19]} Rh1+ {[%emt 0:00:15]} 31. Ka2 {[%emt 0:00:01]} g4 {[%emt 0:00:05]} 32. Nd2 {[%emt 0:00:41]} Bf2 {[%emt 0:02:06]} 33. a5 {[%emt 0:00:47]} Be1 {[%emt 0:02:52]} 34. Re3 {[%emt 0:00:47]} Qxd5 {[%emt 0:00:01]} 35. Re8+ {[%emt 0:00:05]} Ka7 {[%emt 0:00:01]} 36. Qxc7 {[%emt 0:00:01]} Qc6 {[%emt 0:00:32]} 37. Qb8+ {[%emt 0:00:14]} Ka6 {[%emt 0:00:00]} 38. Qa8+ {[%emt 0:00:15]} Kb5 {[%emt 0:00:01]} 39. Rc8 {[%emt 0:00:04]} Qa6 {[%emt 0:01:01]} 40. Qxa6+ {[%emt 0:00:27]} Kxa6 {[%emt 0:00:01]} 41. Nc4 {[%emt 0:00:10]} Bc3 {[%emt 0:00:46]} 42. b4 {[%emt 0:00:14]} Bxb4 {[%emt 0:00:10]} 43. Kb3 {[%emt 0:00:05]} Bc5 {[%emt 0:00:18]} 44. Nb2 {[%emt 0:00:16]} Kxa5 {[%emt 0:00:06]} 45. c4 {[%emt 0:00:06]} Rg1 {[%emt 0:00:14]} 46. Nd3 {[%emt 0:00:12]} Rxg3 {[%emt 0:00:06]} 47. Kc3 {[%emt 0:00:01]} Bb4+ {[%emt 0:00:04]} 48. Kd4 {[%emt 0:00:01]} Bc5+ {[%emt 0:00:10]} 49. Nxc5 {[%emt 0:00:02]} dxc5+ {[%emt 0:00:01]} 50. Kxc5 {[%emt 0:00:01]} b6+ {[%emt 0:00:02]} 51. Kc6 {[%emt 0:00:02]} Rc3 {[%emt 0:00:08]} 52. Ra8+ {[%emt 0:00:04]} Kb4 {[%emt 0:00:01]} 53. Kxb6 {[%emt 0:00:03]} Rxc4 {[%emt 0:00:02]} 54. Rf8 {[%emt 0:00:02]} Rf4 {[%emt 0:00:02]} 0-1

[Event "HUN-ch Rapid 2019"]
[Site "Ajka"]
[Date "2019.07.21"]
[Round "13.1"]
[White "Gledura, Benjamin"]
[Black "Aczel, Gergely"]
[Result "1-0"]
[WhiteElo "2654"]
[BlackElo "2540"]
[Annotator "ChessBase"]
[PlyCount "75"]
[EventDate "2019.07.18"]
[EventType "swiss"]
[EventCountry "HUN"]
[SourceTitle "playchess.com"]
[Source "ChessBase"]
[SourceQuality "1"]
[TimeControl "1200+5"]

1. Nf3 {[%emt 0:00:04]} d5 {[%emt 0:00:01]} 2. g3 {[%emt 0:00:03]} c6 {[%emt 0:00:03]} 3. Bg2 Bg4 {[%emt 0:00:05]} 4. d4 {[%emt 0:00:08]} e6 {[%emt 0:00:09]} 5. h3 {[%emt 0:00:14]} Bh5 {[%emt 0:00:03]} 6. O-O {[%emt 0:00:06]} Nd7 {[%emt 0:00:11]} 7. c4 {[%emt 0:00:09]} Ngf6 {[%emt 0:00:02]} 8. cxd5 {[%emt 0:00:08]} exd5 {[%emt 0:00:09]} 9. Qb3 {[%emt 0:00:03]} Nb6 {[%emt 0:00:45]} 10. a4 {[%emt 0:00:21]} a5 {[%emt 0:00:17]} 11. Ne5 {[%emt 0:00:38]} Bd6 {[%emt 0:04:03]} 12. Nc3 {[%emt 0:00:29]} O-O {[%emt 0:01:13]} 13. f4 {[%emt 0:00:07]} h6 {[%emt 0:07:43]} 14. g4 {[%emt 0:00:07]} Bg6 {[%emt 0:00:12]} 15. Nxg6 {[%emt 0:00:20]} fxg6 {[%emt 0:00:01]} 16. e4 {[%emt 0:00:02]} Bb4 {[%emt 0:00:25]} 17. e5 {[%emt 0:00:06]} Nfd7 {[%emt 0:01:08]} 18. Qc2 {[%emt 0:00:36]} Qe8 {[%emt 0:00:16]} 19. Be3 {[%emt 0:00:41]} Kh8 {[%emt 0:00:04]} 20. b3 {[%emt 0:00:40]} Rc8 {[%emt 0:00:02]} 21. Qd3 {[%emt 0:00:29]} c5 {[%emt 0:00:15]} 22. Nxd5 {[%emt 0:00:27]} Nxd5 {[%emt 0:00:13]} 23. Bxd5 {[%emt 0:00:01]} cxd4 {[%emt 0:00:04]} 24. Bxd4 {[%emt 0:00:22]} Nc5 {[%emt 0:00:22]} 25. Qf3 {[%emt 0:00:57]} Ne6 {[%emt 0:00:44]} 26. Bxe6 {[%emt 0:00:22]} Qxe6 {[%emt 0:00:01]} 27. f5 {[%emt 0:00:09]} gxf5 {[%emt 0:00:09]} 28. gxf5 {[%emt 0:00:02]} Qe7 {[%emt 0:01:37]} 29. Kh1 {[%emt 0:00:30]} Rcd8 {[%emt 0:00:13]} 30. f6 {[%emt 0:01:11]} Qe6 {[%emt 0:00:09]} 31. Rad1 {[%emt 0:00:16]} Rf7 {[%emt 0:00:33]} 32. Rd3 {[%emt 0:03:30]} Rc8 {[%emt 0:00:02]} 33. Qf5 {[%emt 0:02:21]} Qd5+ {[%emt 0:00:27]} 34. Rdf3 {[%emt 0:00:02]} Re8 {[%emt 0:00:02]} 35. e6 {[%emt 0:00:08]} Qxf5 {[%emt 0:00:48]} 36. Rxf5 {[%emt 0:00:02]} Rxe6 {[%emt 0:00:15]} 37. fxg7+ {[%emt 0:00:02]} Rxg7 {[%emt 0:00:01]} 38. Rf7 {[%emt 0:00:05]} 1-0

[Event "HUN-ch Rapid 2019"]
[Site "Ajka"]
[Date "2019.07.21"]
[Round "13.2"]
[White "Hera, Imre Jr."]
[Black "Almasi, Zoltan"]
[Result "1/2-1/2"]
[WhiteElo "2610"]
[BlackElo "2687"]
[Annotator "TA"]
[PlyCount "87"]
[EventDate "2019.07.18"]
[EventType "swiss"]
[EventCountry "HUN"]
[SourceTitle "playchess.com"]
[Source "ChessBase"]
[SourceQuality "1"]

{[%evp 10,87,13,-6,1,-10,10,8,15,0,3,-20,0,0,0,18,0,0,33,38,51,5,8,0,0,0,0,-6,0,0,0,0,0,0,10,0,16,0,0,-7,-7,-26,-7,-7,-7,-2,-1,-5,-2,-5,0,0,0,0,0,0,0,0,0,0,0,-8,0,-8,0,0,5,0,0,0,0,0,8,8,8,0,0,0,0,-29978]} 1. Nf3 Nf6 2. g3 d5 3. Bg2 c6 4. O-O Bf5 5. d3 e6 6. Nfd2 h6 {A07: Réti Opening: New York and Capablanca Systems} (6... Bc5 7. e4 Bg6 8. Kh1 h5 9. h3 h4 10. g4 dxe4 11. dxe4 e5 12. Qe2 Nbd7 13. Nc3 Nh7 14. Nc4 {½-½ (37) Erdos,V (2619)-Warakomski,T (2505) Rio Achaea 2018}) 7. e4 Bh7 8. Nc3 Be7 9. f4 O-O 10. g4 dxe4 11. dxe4 Na6 12. Qe2 Nc5 13. Kh1 $146 ({Predecessor:} 13. f5 exf5 14. gxf5 {0-1 (51) Gevorgyan,D (2330)-Velten,P (2504) Nancy 2019}) 13... Qb6 14. Nc4 Qa6 15. b3 b5 16. Ne5 Qb7 17. Nd3 Rad8 18. Bb2 b4 19. Nxc5 Bxc5 20. Na4 Bd4 21. Rad1 Bxb2 22. Nxb2 Qc7 23. f5 Rxd1 24. Rxd1 h5 25. h3 hxg4 26. hxg4 {The position is equal.} Qg3 27. Bf3 $1 exf5 28. exf5 g6 29. Qg2 $132 {[%mdl 2048] White is not keeping still} Qxg2+ 30. Kxg2 {[#] Strongly threatening g5.} gxf5 31. gxf5 Bxf5 32. Rd6 Nd5 33. Rxc6 Ne3+ 34. Kf2 Nxc2 35. Rc7 a6 36. Ra7 Nd4 37. Rxa6 Rc8 {[#] Hoping for ...Rc2+.} 38. Ra8 Rxa8 39. Bxa8 $11 {KBN-KBN} Bb1 40. Ke3 Ne6 41. Bd5 Bxa2 42. Bxe6 fxe6 43. Nd3 Bxb3 44. Ke4 $2 {[%mdl 40960] Accuracy: White = 55%, Black = 54%. . An unexpected result.} (44. Kf4 $11) 1/2-1/2

[Event "HUN-ch Rapid 2019"]
[Site "Ajka"]
[Date "2019.07.21"]
[Round "13.3"]
[White "Papp, Gabor"]
[Black "Balog, Imre"]
[Result "0-1"]
[WhiteElo "2587"]
[BlackElo "2566"]
[Annotator "ChessBase"]
[PlyCount "36"]
[EventDate "2019.07.18"]
[EventType "swiss"]
[EventCountry "HUN"]
[SourceTitle "playchess.com"]
[Source "ChessBase"]
[SourceQuality "1"]
[TimeControl "1200+5"]

1. e4 {[%emt 0:00:02]} e6 {[%emt 0:00:01]} 2. d4 {[%emt 0:00:01]} d5 {[%emt 0:00:02]} 3. Nd2 {[%emt 0:00:02]} Nc6 {[%emt 0:00:17]} 4. Ngf3 {[%emt 0:00:12]} Nf6 {[%emt 0:00:01]} 5. exd5 {[%emt 0:00:33]} exd5 {[%emt 0:00:09]} 6. c3 {[%emt 0:00:01]} Bf5 {[%emt 0:00:15]} 7. Bb5 {[%emt 0:00:07]} Bd6 {[%emt 0:00:07]} 8. O-O {[%emt 0:00:07]} O-O {[%emt 0:00:05]} 9. Bxc6 {[%emt 0:00:02]} bxc6 {[%emt 0:00:03]} 10. Nb3 {[%emt 0:00:28]} Ne4 {[%emt 0:00:11]} 11. Ne5 {[%emt 0:00:33]} Qh4 {[%emt 0:01:14]} 12. Qf3 {[%emt 0:00:55]} f6 {[%emt 0:00:29]} 13. g3 {[%emt 0:00:41]} Qh3 {[%emt 0:00:20]} 14. Nxc6 {[%emt 0:00:20]} Ng5 {[%emt 0:00:02]} 15. Qe2 {[%emt 0:03:36]} Nf3+ {[%emt 0:01:03]} 16. Qxf3 {[%emt 0:00:03]} Be4 {[%emt 0:00:01]} 17. Nd2 {[%emt 0:00:31]} Bxf3 {[%emt 0:00:52]} 18. Nxf3 {[%emt 0:00:01]} a5 0-1

[Event "HUN-ch Rapid 2019"]
[Site "Ajka"]
[Date "2019.07.21"]
[Round "13.4"]
[White "Mihok, Oliver"]
[Black "Banusz, Tamas"]
[Result "1/2-1/2"]
[WhiteElo "2550"]
[BlackElo "2626"]
[Annotator "ChessBase"]
[PlyCount "78"]
[EventDate "2019.07.18"]
[EventType "swiss"]
[EventCountry "HUN"]
[SourceTitle "playchess.com"]
[Source "ChessBase"]
[SourceQuality "1"]
[TimeControl "1200+5"]

1. e4 {[%emt 0:00:02]} c5 {[%emt 0:00:01]} 2. Nf3 {[%emt 0:00:01]} Nc6 {[%emt 0:00:01]} 3. d4 {[%emt 0:00:03]} cxd4 {[%emt 0:00:02]} 4. Nxd4 {[%emt 0:00:01]} Nf6 {[%emt 0:00:01]} 5. Nc3 {[%emt 0:00:01]} e5 {[%emt 0:00:01]} 6. Ndb5 {[%emt 0:00:01]} d6 {[%emt 0:00:01]} 7. Bg5 {[%emt 0:00:04]} a6 {[%emt 0:00:01]} 8. Na3 {[%emt 0:00:01]} b5 {[%emt 0:00:01]} 9. Bxf6 {[%emt 0:00:03]} gxf6 {[%emt 0:00:02]} 10. Nd5 {[%emt 0:00:01]} Bg7 {[%emt 0:00:01]} 11. Bd3 {[%emt 0:01:00]} Ne7 {[%emt 0:00:01]} 12. Nxe7 {[%emt 0:00:23]} Qxe7 {[%emt 0:00:02]} 13. O-O {[%emt 0:00:33]} O-O {[%emt 0:00:19]} 14. c3 {[%emt 0:01:11]} f5 {[%emt 0:00:03]} 15. exf5 {[%emt 0:00:39]} e4 {[%emt 0:00:25]} 16. Re1 {[%emt 0:00:49]} Bxf5 {[%emt 0:00:20]} 17. Nc2 {[%emt 0:00:31]} d5 {[%emt 0:00:55]} 18. Nd4 {[%emt 0:01:50]} Bd7 {[%emt 0:02:32]} 19. f3 {[%emt 0:01:33]} f5 {[%emt 0:00:40]} 20. Qb3 {[%emt 0:00:47]} Bxd4+ {[%emt 0:01:33]} 21. cxd4 {[%emt 0:00:02]} Be6 {[%emt 0:00:07]} 22. Bf1 {[%emt 0:01:37]} Kh8 {[%emt 0:00:59]} 23. f4 {[%emt 0:01:41]} Rg8 {[%emt 0:00:24]} 24. Rac1 {[%emt 0:01:08]} Rg4 {[%emt 0:00:46]} 25. g3 {[%emt 0:01:14]} h5 {[%emt 0:00:27]} 26. Be2 {[%emt 0:01:14]} Rg7 {[%emt 0:00:01]} 27. Bxh5 {[%emt 0:00:36]} Qh4 {[%emt 0:00:07]} 28. Rc6 {[%emt 0:00:38]} Rag8 {[%emt 0:05:05]} 29. Re3 {[%emt 0:00:01]} Rh7 {[%emt 0:00:53]} 30. Rxe6 {[%emt 0:01:17]} Rxh5 {[%emt 0:00:18]} 31. Qc2 {[%emt 0:01:39]} Qxf4 {[%emt 0:00:06]} 32. Rc3 {[%emt 0:00:43]} Rh6 {[%emt 0:03:34]} 33. Rxh6+ {[%emt 0:00:25]} Qxh6 {[%emt 0:00:01]} 34. Rc6 {[%emt 0:00:25]} Qe3+ {[%emt 0:00:11]} 35. Qf2 {[%emt 0:00:01]} Qg5 {[%emt 0:00:35]} 36. Kf1 {[%emt 0:00:22]} Qg4 {[%emt 0:00:19]} 37. Qe3 {[%emt 0:00:10]} f4 {[%emt 0:01:24]} 38. Qxf4 {[%emt 0:00:07]} Qxf4+ {[%emt 0:00:02]} 39. gxf4 {[%emt 0:00:01]} Rf8 {[%emt 0:00:12]} 1/2-1/2

[Event "HUN-ch Rapid 2019"]
[Site "Ajka"]
[Date "2019.07.21"]
[Round "13.5"]
[White "Horvath, Peter"]
[Black "Czebe, Attila"]
[Result "0-1"]
[WhiteElo "2418"]
[BlackElo "2436"]
[Annotator "NA"]
[PlyCount "62"]
[EventDate "2019.07.18"]
[EventType "swiss"]
[EventCountry "HUN"]
[SourceTitle "playchess.com"]
[Source "ChessBase"]
[SourceQuality "1"]
[TimeControl "1200+5"]

1. d4 {[%emt 0:00:02]} d6 {[%emt 0:00:01]} 2. c4 {[%emt 0:00:05]} e5 {[%emt 0:00:02]} 3. d5 {[%emt 0:00:12]} g6 {[%emt 0:00:08]} 4. e4 {[%emt 0:00:17]} Bg7 {[%emt 0:00:02]} 5. Nc3 {[%emt 0:00:09]} a5 {[%emt 0:00:03]} 6. Be2 {[%emt 0:00:40]} f5 {[%emt 0:01:18]} 7. exf5 {[%emt 0:01:58]} gxf5 {[%emt 0:00:02]} 8. Bh5+ {[%emt 0:00:12]} Kf8 {[%emt 0:00:01]} 9. Be2 {[%emt 0:01:11]} Na6 {[%emt 0:00:23]} 10. Nf3 {[%emt 0:00:44]} Ne7 {[%emt 0:01:13]} 11. a3 {[%emt 0:02:21]} Bd7 {[%emt 0:00:27]} 12. Rb1 {[%emt 0:00:45]} Ng6 {[%emt 0:02:06]} 13. O-O {[%emt 0:01:05]} Qf6 {[%emt 0:01:42]} 14. Bg5 {[%emt 0:02:50]} Qf7 {[%emt 0:00:02]} 15. b4 {[%emt 0:00:36]} axb4 {[%emt 0:00:43]} 16. axb4 {[%emt 0:00:02]} h6 {[%emt 0:02:08]} 17. Be3 {[%emt 0:02:00]} Bf6 {[%emt 0:00:01]} 18. c5 {[%emt 0:01:35]} Kg7 {[%emt 0:00:02]} 19. c6 {[%emt 0:01:12]} bxc6 {[%emt 0:00:11]} 20. dxc6 {[%emt 0:00:02]} Be6 {[%emt 0:01:21]} 21. Bxa6 {[%emt 0:01:05]} Rxa6 {[%emt 0:00:01]} 22. b5 {[%emt 0:00:03]} Ra3 {[%emt 0:00:33]} 23. Qc1 {[%emt 0:00:06]} Raa8 {[%emt 0:00:44]} 24. b6 {[%emt 0:00:47]} cxb6 {[%emt 0:00:58]} 25. Rxb6 {[%emt 0:00:06]} Ne7 {[%emt 0:00:45]} 26. Rb7 {[%emt 0:00:48]} Rhg8 {[%emt 0:00:38]} 27. Nb5 {[%emt 0:00:38]} Kh8 {[%emt 0:00:02]} 28. Nxd6 {[%emt 0:00:22]} Qh5 {[%emt 0:00:02]} 29. Ne1 {[%emt 0:00:13]} Bd5 {[%emt 0:00:12]} 30. Rc7 {[%emt 0:00:14]} Rxg2+ {[%emt 0:00:39]} 31. Nxg2 {[%emt 0:00:06]} Qf3 {[%emt 0:00:01]} 0-1

[Event "HUN-ch Rapid 2019"]
[Site "Ajka"]
[Date "2019.07.21"]
[Round "13.6"]
[White "Videki, Sandor"]
[Black "Ruck, Robert"]
[Result "0-1"]
[WhiteElo "2401"]
[BlackElo "2524"]
[Annotator "ChessBase"]
[PlyCount "125"]
[EventDate "2019.07.18"]
[EventType "swiss"]
[EventCountry "HUN"]
[SourceTitle "playchess.com"]
[Source "ChessBase"]
[SourceQuality "1"]
[TimeControl "1200+5"]

1. c4 {[%emt 0:00:48]} e5 {[%emt 0:00:05]} 2. Nc3 {[%emt 0:00:06]} Nf6 {[%emt 0:00:02]} 3. g3 {[%emt 0:00:09]} d5 {[%emt 0:00:01]} 4. cxd5 {[%emt 0:00:01]} Nxd5 {[%emt 0:00:02]} 5. Bg2 {[%emt 0:00:01]} Nb6 {[%emt 0:00:01]} 6. Nf3 {[%emt 0:00:04]} Nc6 {[%emt 0:00:01]} 7. O-O {[%emt 0:00:03]} Be7 {[%emt 0:00:02]} 8. d3 {[%emt 0:00:26]} O-O {[%emt 0:00:02]} 9. Be3 {[%emt 0:00:02]} Re8 {[%emt 0:00:03]} 10. Rc1 {[%emt 0:00:02]} Bf8 {[%emt 0:00:03]} 11. Na4 {[%emt 0:00:12]} Nd4 {[%emt 0:01:33]} 12. Re1 {[%emt 0:00:10]} c6 {[%emt 0:00:15]} 13. Nc5 {[%emt 0:00:13]} Bxc5 {[%emt 0:00:05]} 14. Rxc5 {[%emt 0:00:02]} Qd6 {[%emt 0:00:04]} 15. Qc1 {[%emt 0:01:28]} Bg4 {[%emt 0:02:30]} 16. Bxd4 {[%emt 0:02:24]} exd4 {[%emt 0:00:08]} 17. Rc2 {[%emt 0:02:04]} Bxf3 {[%emt 0:03:07]} 18. Bxf3 {[%emt 0:00:03]} Nd7 {[%emt 0:00:32]} 19. e4 {[%emt 0:02:12]} dxe3 {[%emt 0:00:23]} 20. Rxe3 {[%emt 0:00:02]} Nf6 {[%emt 0:06:16]} 21. Rce2 {[%emt 0:00:52]} Rxe3 {[%emt 0:00:04]} 22. Rxe3 {[%emt 0:00:32]} Rd8 {[%emt 0:00:20]} 23. Qc4 {[%emt 0:01:55]} Kf8 {[%emt 0:00:15]} 24. h4 {[%emt 0:00:13]} Rd7 {[%emt 0:00:44]} 25. a3 {[%emt 0:00:06]} h6 {[%emt 0:00:33]} 26. Qc3 {[%emt 0:00:54]} c5 {[%emt 0:01:43]} 27. Qc4 {[%emt 0:01:54]} b6 {[%emt 0:00:12]} 28. Qc3 {[%emt 0:00:09]} Rc7 {[%emt 0:00:53]} 29. Re2 {[%emt 0:01:09]} Re7 {[%emt 0:01:00]} 30. Rxe7 {[%emt 0:00:19]} Kxe7 {[%emt 0:00:01]} 31. Qc4 {[%emt 0:00:44]} Kf8 {[%emt 0:00:40]} 32. Qa6 {[%emt 0:00:13]} Qc7 {[%emt 0:00:09]} 33. Kf1 {[%emt 0:00:45]} Nd7 {[%emt 0:00:04]} 34. Be4 {[%emt 0:00:31]} Nf6 {[%emt 0:00:16]} 35. Bb7 {[%emt 0:00:16]} Qb8 {[%emt 0:00:08]} 36. Bf3 {[%emt 0:00:18]} Ne8 {[%emt 0:00:03]} 37. Qa4 {[%emt 0:00:09]} Qc7 {[%emt 0:00:10]} 38. Qe4 {[%emt 0:00:10]} Nd6 {[%emt 0:00:17]} 39. Qh7 {[%emt 0:00:10]} Ne8 {[%emt 0:00:07]} 40. Qe4 {[%emt 0:00:14]} Qd7 {[%emt 0:00:07]} 41. Be2 {[%emt 0:00:15]} Nd6 {[%emt 0:00:09]} 42. Qa8+ {[%emt 0:00:04]} Ke7 {[%emt 0:00:03]} 43. Qd5 {[%emt 0:00:14]} Qe6 {[%emt 0:00:05]} 44. Qc6 {[%emt 0:00:11]} Qd7 {[%emt 0:00:07]} 45. Qd5 {[%emt 0:00:01]} Qe6 {[%emt 0:00:10]} 46. Qc6 {[%emt 0:00:01]} Qd7 {[%emt 0:00:07]} 47. Qd5 {[%emt 0:00:02]} Qe6 {[%emt 0:00:05]} 48. Qa8 {[%emt 0:00:10]} Qd7 {[%emt 0:00:03]} 49. Bf3 {[%emt 0:00:15]} Nf5 {[%emt 0:00:06]} 50. Be4 {[%emt 0:00:08]} Nd4 {[%emt 0:00:02]} 51. Qb8 {[%emt 0:00:13]} Qh3+ {[%emt 0:00:10]} 52. Ke1 {[%emt 0:00:06]} Qd7 {[%emt 0:00:01]} 53. Qe5+ {[%emt 0:00:08]} Kf8 {[%emt 0:00:02]} 54. Kd2 {[%emt 0:00:21]} Qd8 {[%emt 0:00:12]} 55. Kd1 {[%emt 0:00:11]} Qd7 {[%emt 0:00:02]} 56. Kd2 {[%emt 0:00:00]} Qd8 {[%emt 0:00:01]} 57. Kc1 {[%emt 0:00:02]} Qd7 {[%emt 0:00:09]} 58. Kb1 {[%emt 0:00:00]} Qd8 {[%emt 0:00:05]} 59. Bd5 {[%emt 0:00:14]} Qd7 {[%emt 0:00:07]} 60. Bc4 {[%emt 0:00:03]} Qd8 {[%emt 0:00:06]} 61. Qe4 {[%emt 0:00:07]} Qd7 {[%emt 0:00:05]} 62. Qe5 {[%emt 0:00:00]} Qd8 {[%emt 0:00:02]} 63. Qf4 {[%emt 0:00:07]} 0-1

[Event "HUN-ch Rapid 2019"]
[Site "Ajka"]
[Date "2019.07.21"]
[Round "13.7"]
[White "Prohaszka, Peter"]
[Black "Jakab, Attila"]
[Result "1-0"]
[WhiteElo "2598"]
[BlackElo "2377"]
[Annotator "ChessBase"]
[PlyCount "95"]
[EventDate "2019.07.18"]
[EventType "swiss"]
[EventCountry "HUN"]
[SourceTitle "playchess.com"]
[Source "ChessBase"]
[SourceQuality "1"]
[TimeControl "1200+5"]

1. d4 {[%emt 0:00:01]} d5 {[%emt 0:00:03]} 2. c4 {[%emt 0:00:06]} e6 {[%emt 0:00:02]} 3. Nc3 {[%emt 0:00:20]} Nf6 {[%emt 0:00:02]} 4. cxd5 {[%emt 0:00:01]} exd5 {[%emt 0:00:02]} 5. Bg5 {[%emt 0:00:01]} Nbd7 {[%emt 0:00:04]} 6. e3 {[%emt 0:00:05]} c6 {[%emt 0:00:04]} 7. Bd3 {[%emt 0:00:05]} Bd6 {[%emt 0:00:05]} 8. Qc2 {[%emt 0:00:56]} Nf8 {[%emt 0:00:02]} 9. Nf3 {[%emt 0:00:14]} Ng6 {[%emt 0:00:03]} 10. Nh4 {[%emt 0:01:28]} O-O {[%emt 0:00:38]} 11. Nxg6 {[%emt 0:00:52]} fxg6 {[%emt 0:00:33]} 12. Bh4 {[%emt 0:00:24]} Be6 {[%emt 0:01:09]} 13. O-O-O {[%emt 0:01:10]} Qc7 {[%emt 0:00:11]} 14. Bg3 {[%emt 0:01:32]} Rae8 {[%emt 0:04:32]} 15. Kb1 {[%emt 0:00:46]} Bf5 {[%emt 0:01:12]} 16. Bxf5 {[%emt 0:00:42]} gxf5 {[%emt 0:00:02]} 17. Nb5 cxb5 {[%emt 0:00:08]} 18. Qxc7 {[%emt 0:00:10]} Bxc7 {[%emt 0:00:01]} 19. Bxc7 {[%emt 0:00:01]} Rc8 {[%emt 0:01:17]} 20. Be5 {[%emt 0:01:09]} Rc6 {[%emt 0:03:43]} 21. f3 {[%emt 0:01:50]} Rfc8 {[%emt 0:01:02]} 22. Rc1 {[%emt 0:00:03]} Kf7 {[%emt 0:00:02]} 23. Rxc6 {[%emt 0:00:39]} Rxc6 {[%emt 0:00:01]} 24. Rc1 {[%emt 0:02:35]} Nd7 {[%emt 0:00:00]} 25. Bf4 {[%emt 0:00:55]} Kf6 {[%emt 0:00:01]} 26. Rxc6+ {[%emt 0:00:29]} bxc6 {[%emt 0:00:01]} 27. Kc2 {[%emt 0:00:03]} h6 {[%emt 0:00:04]} 28. Kc3 {[%emt 0:00:58]} a5 {[%emt 0:00:22]} 29. b3 {[%emt 0:01:05]} b4+ {[%emt 0:00:59]} 30. Kd3 {[%emt 0:00:45]} Ke6 {[%emt 0:00:17]} 31. Bc7 {[%emt 0:00:04]} c5 {[%emt 0:00:03]} 32. Bxa5 {[%emt 0:00:59]} Kd6 {[%emt 0:00:01]} 33. dxc5+ {[%emt 0:00:18]} Kxc5 {[%emt 0:00:01]} 34. Bc7 {[%emt 0:00:18]} g5 {[%emt 0:00:09]} 35. Bd8 {[%emt 0:00:20]} Ne5+ {[%emt 0:00:19]} 36. Ke2 {[%emt 0:00:08]} Nc6 {[%emt 0:01:34]} 37. Bf6 {[%emt 0:00:03]} Kd6 {[%emt 0:00:01]} 38. g4 {[%emt 0:00:24]} Ke6 {[%emt 0:00:01]} 39. Bg7 {[%emt 0:00:03]} Kf7 {[%emt 0:00:39]} 40. Bxh6 {[%emt 0:00:06]} Kg6 {[%emt 0:00:01]} 41. Bf8 {[%emt 0:00:02]} d4 {[%emt 0:00:01]} 42. Bd6 {[%emt 0:00:23]} Kf6 {[%emt 0:00:10]} 43. e4 {[%emt 0:00:29]} fxe4 {[%emt 0:00:12]} 44. fxe4 Ke6 45. Bg3 {[%emt 0:00:10]} Kd7 {[%emt 0:00:21]} 46. Kd3 {[%emt 0:00:02]} Kc8 {[%emt 0:00:01]} 47. h3 {[%emt 0:00:05]} Kd7 {[%emt 0:00:01]} 48. Bf2 {[%emt 0:00:08]} 1-0

[Event "HUN-ch Rapid 2019"]
[Site "Ajka"]
[Date "2019.07.21"]
[Round "13.8"]
[White "Vertetics, Attila"]
[Black "Popovics, Adam"]
[Result "1-0"]
[WhiteElo "2438"]
[BlackElo "2365"]
[Annotator "NA"]
[PlyCount "65"]
[EventDate "2019.07.18"]
[EventType "swiss"]
[EventCountry "HUN"]
[SourceTitle "playchess.com"]
[Source "ChessBase"]
[SourceQuality "1"]
[TimeControl "1200+5"]

1. d4 {[%emt 0:00:01]} e6 {[%emt 0:00:04]} 2. Nf3 {[%emt 0:00:09]} Nf6 {[%emt 0:00:03]} 3. c4 {[%emt 0:00:03]} c5 {[%emt 0:00:00]} 4. e3 {[%emt 0:00:02]} cxd4 {[%emt 0:00:07]} 5. exd4 {[%emt 0:00:04]} d5 {[%emt 0:00:01]} 6. Nc3 {[%emt 0:00:04]} Be7 {[%emt 0:00:11]} 7. Bg5 {[%emt 0:00:51]} O-O {[%emt 0:00:09]} 8. Bd3 {[%emt 0:00:49]} dxc4 {[%emt 0:00:38]} 9. Bxc4 {[%emt 0:00:02]} a6 {[%emt 0:00:01]} 10. Ne5 {[%emt 0:04:37]} b5 {[%emt 0:00:35]} 11. Be2 {[%emt 0:00:10]} Bb7 {[%emt 0:02:28]} 12. Bf3 {[%emt 0:00:36]} Bxf3 {[%emt 0:00:59]} 13. Qxf3 {[%emt 0:00:41]} Qxd4 {[%emt 0:00:57]} 14. O-O {[%emt 0:00:22]} b4 {[%emt 0:01:16]} 15. Qxa8 {[%emt 0:00:17]} Qxe5 {[%emt 0:00:23]} 16. Bxf6 {[%emt 0:00:08]} Bxf6 {[%emt 0:00:07]} 17. Ne4 {[%emt 0:00:41]} Be7 {[%emt 0:01:01]} 18. Qb7 {[%emt 0:00:04]} Re8 {[%emt 0:00:10]} 19. b3 {[%emt 0:00:54]} f5 {[%emt 0:00:04]} 20. Nd2 {[%emt 0:00:07]} Bd6 {[%emt 0:00:16]} 21. g3 {[%emt 0:00:06]} Bc5 {[%emt 0:00:30]} 22. Nc4 {[%emt 0:01:28]} Qd5 {[%emt 0:00:14]} 23. Qxd5 {[%emt 0:01:09]} exd5 {[%emt 0:00:01]} 24. Ne3 {[%emt 0:00:01]} Re5 {[%emt 0:00:59]} 25. Rac1 {[%emt 0:00:26]} Nd7 {[%emt 0:00:02]} 26. Rfd1 {[%emt 0:00:36]} Bxe3 {[%emt 0:00:54]} 27. fxe3 {[%emt 0:00:03]} Nf6 {[%emt 0:00:01]} 28. Rd4 {[%emt 0:01:42]} Rxe3 {[%emt 0:01:29]} 29. Rxb4 {[%emt 0:00:01]} Re2 {[%emt 0:00:01]} 30. Rc7 {[%emt 0:00:29]} h5 {[%emt 0:01:00]} 31. Rbb7 {[%emt 0:00:09]} Ng4 {[%emt 0:00:24]} 32. Rxg7+ {[%emt 0:00:02]} Kh8 {[%emt 0:00:23]} 33. Rge7 {[%emt 0:00:03]} 1-0